000 00745cam a2200229 a 4500
001 4978166
005 20180202035241.0
008 980227s1999 nyuab b 001 0 eng
010 _a 98004512
020 _a047129263X (cloth)
040 _aDLC
_cDLC
_dDLC
_dWaU
_dDLC
041 _aeng
080 _a333.918153 MID
082 0 0 _a333.918153 MID
_221
100 1 _a9
101 _aMJE
245 1 0 _aWetland restoration, flood pulsing, and disturbance dynamics /
_cBeth Middleton.
504 _aIncludes bibliographical references (p. (303-369) and index.
906 _a7
_bcbc
_corignew
_d1
_eocip
_f19
_gy-gencatlg
942 _2ddc
_cBK
999 _c41577
_d41577